Inzerátom neexistujúceho produktu merala agentúra Burian und Wallner efektívnosť inzercie v denníku Sme
Reklama neexistujúceho výrobku umožňuje merať efektívnosť inzercie v ktoromkoľvek médiu. Úlohou kampane bolo podporiť zadávanie inzercie v denníku Sme. Výsledky prieskumu znalosti inzerovaného neexistujúceho vlasového prípravku sú nadpriemerné.
Salvato in:
| Autore principale: | |
|---|---|
| Natura: | Capitolo di libro |
| Lingua: | slovacco |
| Soggetti: | |
| Tags: |
Nessun Tag, puoi essere il primo ad aggiungerne!!
|
MARC
| LEADER | 00000naa a2200000 4500 | ||
|---|---|---|---|
| 001 | r019323 | ||
| 005 | 20221205102954.4 | ||
| 041 | 0 | |a slo | |
| 044 | |a SK | ||
| 245 | 1 | 0 | |a Inzerátom neexistujúceho produktu merala agentúra Burian und Wallner efektívnosť inzercie v denníku Sme |c M. Lechnický |
| 520 | |a Reklama neexistujúceho výrobku umožňuje merať efektívnosť inzercie v ktoromkoľvek médiu. Úlohou kampane bolo podporiť zadávanie inzercie v denníku Sme. Výsledky prieskumu znalosti inzerovaného neexistujúceho vlasového prípravku sú nadpriemerné. | ||
| 610 | 2 | 0 | |a Slovensko |
| 610 | 2 | 0 | |a reklama |
| 610 | 2 | 0 | |a inzercia |
| 610 | 2 | 0 | |a výrobky |
| 610 | 2 | 0 | |a prieskum spotrebiteľský |
| 610 | 2 | 0 | |a Burian und Wallner, s.r.o. Bratislava |
| 610 | 2 | 0 | |a Sme |
| 610 | 2 | 0 | |a noviny |
| 610 | 2 | 0 | |a propagácia |
| 610 | 2 | 0 | |a efektívnosť |
| 100 | 1 | |a Lechnický, Milan | |